A tiszafa és a taxol
Elmentve itt :
| Szerző: | |
|---|---|
| Dokumentumtípus: | Cikk |
| Megjelent: |
2004
|
| Sorozat: | CSALÁDORVOSI FÓRUM
5 No. 4 |
| Tárgyszavak: | |
| mtmt: | 1869165 |
| Online Access: | http://publicatio.bibl.u-szeged.hu/30946 |
| LEADER | 00621nab a2200205 i 4500 | ||
|---|---|---|---|
| 001 | publ30946 | ||
| 005 | 20241024114332.0 | ||
| 008 | 241024s2004 hu o 000 hun d | ||
| 022 | |a 1585-8529 | ||
| 024 | 7 | |a 1869165 |2 mtmt | |
| 040 | |a SZTE Publicatio Repozitórium |b hun | ||
| 041 | |a hun | ||
| 100 | 1 | |a Csupor Dezső | |
| 245 | 1 | 2 | |a A tiszafa és a taxol |h [elektronikus dokumentum] / |c Csupor Dezső |
| 260 | |c 2004 | ||
| 300 | |a 2 | ||
| 300 | |a 72-73 | ||
| 490 | 0 | |a CSALÁDORVOSI FÓRUM |v 5 No. 4 | |
| 650 | 4 | |a Általános orvostudomány | |
| 856 | 4 | 0 | |u http://publicatio.bibl.u-szeged.hu/30946/1/aok_klny_664_04.pdf |z Dokumentum-elérés |